Die Farben Lernen Italienisch - Statistiken

Allgemein
  • Dieses Quiz wurde 28 mal gespielt
  • Das Durchschnittsergebnis liegt bei 7 aus 13
Antwortstatistiken
Deutsch Italienisch % Korrekt
Rot Rosso
91%
Weiß Bianco
87%
Schwarz Nero
78%
Grün Verde
78%
Gelb Giallo
61%
Rosa Rosa
61%
Braun Marrone
48%
Blau Azzurro
43%
Grau Grigio
35%
Helles Blau Azzurro
26%
Dunkles Blau Blu
22%
Violett Viola
22%
Orange Arancione
17%
Keine übereinstimmenden Quizze gefunden
Verteilung der Resultate
Anzahl Personen mit jedem Resultat
Perzentil nach korrekt beantworteten Fragen
Ihre Resultats-Entwicklung
Sie haben dieses Quiz noch nicht gespielt